000 00457nmm a2200169Ia 4500
008 251105s9999||||xx |||||||||||||||||und||
020 _a9788498797480
041 _aspa
100 _aHeym, Georg
245 0 _aEl día eterno
264 _a[Madrid, España] :
_bTrotta Editorial,
_c2018
300 _a156 páginas
490 _aLa Dicha de Enmudecer
650 _aOther poetry
856 _uhttps://public.digitaliapublishing.com/a/67369
942 _cCF
999 _c92027
_d92027